MARC details
| 000 -LEADER |
| campo de control de longitud fija |
03626 a2200325 4500 |
| 003 - IDENTIFICADOR DE NÚMERO DE CONTROL |
| campo de control |
BJBSDDR |
| 005 - FECHA Y HORA DE LA ÚLTIMA TRANSACCIÓN |
| campo de control |
20251027101931.0 |
| 007 - CAMPO FIJO DE DESCRIPCIÓN FÍSICA--INFORMACIÓN GENERAL |
| campo de control de longitud fija |
ta |
| 008 - DATOS DE LONGITUD FIJA--INFORMACIÓN GENERAL |
| campo de control de longitud fija |
250619s2012 enk||||| |||| 00| 0 eng d |
| 020 ## - NÚMERO INTERNACIONAL ESTÁNDAR DEL LIBRO |
| Número Internacional Estándar del Libro |
9780199658411 |
| 020 ## - NÚMERO INTERNACIONAL ESTÁNDAR DEL LIBRO |
| Número Internacional Estándar del Libro |
0199658412 |
| 040 ## - FUENTE DE CATALOGACIÓN |
| Lengua de catalogación |
eng |
| Centro/agencia transcriptor |
DLC |
| 041 ## - CÓDIGO DE IDIOMA |
| Código de lengua del texto/banda sonora o título independiente |
eng |
| 050 14 - SIGNATURA TOPOGRÁFICA DE LA BIBLIOTECA DEL CONGRESO |
| Número de clasificación |
HB 3717 |
| Número de ítem |
A258 2012 |
| 082 00 - NÚMERO DE LA CLASIFICACIÓN DECIMAL DEWEY |
| Número de clasificación |
330.9051 |
| 245 00 - MENCIÓN DEL TÍTULO |
| Título |
Aftermath : |
| Resto del título |
the cultures of the economic crisis / |
| Mención de responsabilidad, etc. |
edited by Manuel Castells, João Caraça, and Gustavo Cardoso. |
| 260 ## - PUBLICACIÓN, DISTRIBUCIÓN, ETC. |
| Lugar de publicación, distribución, etc. |
Oxford : |
| Nombre del editor, distribuidor, etc. |
Oxford University Press, |
| Fecha de publicación, distribución, etc. |
2012 |
| 300 ## - DESCRIPCIÓN FÍSICA |
| Extensión |
xiv, 315 pages : |
| Otras características físicas |
illustrations ; |
| Dimensiones |
24 cm |
| 504 ## - NOTA DE BIBLIOGRAFÍA, ETC. |
| Nota de bibliografía, etc. |
Includes bibliographical references and index. |
| 505 0# - NOTA DE CONTENIDO CON FORMATO |
| Nota de contenido con formato |
The cultures of the economic crisis: an introduction / Manuel Castells, João Caraça, and Gustavo Cardoso<br/>The rolling Apocalypse of contemporary history / Rosalind Williams<br/>The separation of cultures and the decline of modernity / João Caraça<br/>The metamorphosis of a crisis / John B. Thompson<br/>Financial crisis or societal mutation? / Michel Wieviorka<br/>Branding the crisis / Sarah Banet-Weiser<br/>In nationalism we trust? / Terhi Rantanen<br/>Crisis, identity, and the welfare state / Pekka Himanen<br/>Surfing the crisis: cultures of belonging and networked social change / Gustavo Cardoso and Pedro Jacobetty<br/>Beyond the crisis: the emergence of alternative economic practices / Joana Conill, Manuel Castells, Amalia Cardenas, and Lisa Servon<br/>No crisis in China? The rose of China's social crisis / You-tien Hsing<br/>A non-global crisis? Challenging the crisis in Latin America / Ernesto Ottone |
| 520 ## - RESUMEN, ETC. |
| Sumario, etc. |
"The crisis of global capitalism that has unfolded since 2008 is more than an economic crisis. It is structural and multidimensional. The sequence of events that have taken place in its aftermath show that we are entering a world that is very different from the social and economic conditions that characterized the rise of global, informational capitalism in the preceding three decades. The policies and strategies that intended to manage the crisis-with mixed results depending on the country-may usher in a distinctly different economic and institutional system, as the New Deal, the construction of the European Welfare State, and the Bretton Woods global financial architecture all gave rise to a new form of capitalism in the aftermath of the 1930s Depression, and World War II. This volume examines the cultures and institutions at the root of the crisis, as well as the conflicts and debates that lead to a new social landscape, including the rise of alternative economic cultures expressed in the social movements occupying Wall Street. The book presents the results of a shared project of reflection by an interdisciplinary group of researchers from around the world. It contends that there is no quick fix to the current financial and political system. Life beyond the crisis requires a transformation of the mindset that led to bankruptcy and despair, and to economies and societies based on an unsustainable model of speculative finance and political irresponsibility. The book explains why and explores the contours of the world emerging in the aftermath of the crisis."--Publisher's website |
| 650 #4 - PUNTO DE ACCESO ADICIONAL DE MATERIA--TÉRMINO DE MATERIA |
| Término de materia o nombre geográfico como elemento de entrada |
Crisis financiera global, 2008-2009 |
| 9 (RLIN) |
406 |
| 650 #4 - PUNTO DE ACCESO ADICIONAL DE MATERIA--TÉRMINO DE MATERIA |
| Término de materia o nombre geográfico como elemento de entrada |
Crisis financiera |
| Subdivisión general |
Aspectos sociales |
| 9 (RLIN) |
25057 |
| 650 #4 - PUNTO DE ACCESO ADICIONAL DE MATERIA--TÉRMINO DE MATERIA |
| Término de materia o nombre geográfico como elemento de entrada |
Economía |
| Subdivisión general |
Aspectos sociológicos. |
| 9 (RLIN) |
276 |
| 650 #4 - PUNTO DE ACCESO ADICIONAL DE MATERIA--TÉRMINO DE MATERIA |
| Término de materia o nombre geográfico como elemento de entrada |
Capitalismo |
| Subdivisión general |
Aspectos sociales |
| 9 (RLIN) |
1779 |
| 700 1# - ENTRADA AGREGADA--NOMBRE PERSONAL |
| Nombre de persona |
Castells Oliván, Manuel, |
| Fechas asociadas al nombre |
1942- |
| 9 (RLIN) |
5920 |
| Término indicativo de función/relación |
editor |
| 700 1# - ENTRADA AGREGADA--NOMBRE PERSONAL |
| Nombre de persona |
Caraça, J. M. G. |
| Forma completa/desarrollada del nombre |
(João Manuel Gaspar) |
| 9 (RLIN) |
5921 |
| Término indicativo de función/relación |
editor |
| 700 1# - ENTRADA AGREGADA--NOMBRE PERSONAL |
| Nombre de persona |
Cardoso, Gustavo, |
| Fechas asociadas al nombre |
1969- |
| 9 (RLIN) |
5923 |
| Término indicativo de función/relación |
editor |
| 942 ## - ELEMENTOS DE ENTRADA SECUNDARIOS (KOHA) |
| Fuente del sistema de clasificación o colocación |
Clasificación de Library of Congress |
| Tipo de ítem Koha |
Libro |